Islands by Satellite Image #21 - Statistics

General Stats
  • This quiz has been taken 32 times
    31 since last reset
  • The average score is 4 of 16
Answer Stats
Picture Answer % Correct
Chatham Island
50%
Manitoulin
50%
Saint-Paul Island
50%
Streymoy
50%
Komsomolets Island
38%
Alderney
25%
Baker Island
25%
Comino
25%
Nias
25%
Babeldaob
13%
Fernando de Noronha Island
13%
Lagos Island
13%
Patmos
13%
Prince Charles Island
13%
Robben Island
13%
Spreeinsel (Museum Island)
13%
No matching quizzes found
Score Distribution
Percent of People with Each Score
Percentile by Number Answered
Your Score History
You have not taken this quiz since the last reset